| 000 | 00406 a2200157 4500 | ||
|---|---|---|---|
| 001 | 191475 | ||
| 020 | _a85-7338-110-8 | ||
| 040 | _cMagnum | ||
| 100 | _aCanton, Katia | ||
| 240 | 1 | 0 |
_aEntre o rio e as nuvens: algumas histórias africanas _lpor |
| 245 | 1 | 0 | _aEntre o rio e as nuvens: algumas histórias africanas |
| 300 | _a22 | ||
| 362 | 0 | _a1997 | |
| 697 | _aLITERATURA INFANTO-JUVENIL | ||
| 942 | _cBK | ||
| 999 |
_c191475 _d191475 |
||